Finish the Lyrics - Eye of the Tiger - Statistics

General Stats
  • This quiz has been taken 135 times
  • The average score is 28 of 37
Answer Stats
Hint Answer % Correct
It's the eye of the _____, tiger
96%
And he's watchin' us all with the eye of the _____ tiger
96%
It's the eye of the _____, tiger
96%
And he's watchin' us all with the eye of the _____ tiger
96%
It's the eye of the _____, tiger
96%
And he's watchin' us all with the eye of the _____ tiger
96%
The eye of the _____ tiger
96%
The eye of the _____ tiger
96%
The eye of the _____ tiger
96%
Just a man and his will to ________ survive
87%
Just a man and his will to ________ survive
87%
Risin' up, back on the ______ street
86%
They stack the odds still we take to the ______ street
86%
Now I'm back on my ____ feet
84%
It's the thrill of the _____ fight
83%
It's the thrill of the _____ fight
83%
It's the thrill of the _____ fight
83%
You trade your passion for _____ glory
83%
Got the _____ glory
83%
So many times, it happens too ____ fast
82%
Did my time, took my _______ chances
81%
You must fight just to keep them _____ alive
76%
And the last known survivor stalks his ____ in the night prey
76%
And the last known survivor stalks his ____ in the night prey
76%
And the last known survivor stalks his ____ in the night prey
76%
Risin' up to the challenge of our _____ rival
76%
Risin' up to the challenge of our _____ rival
76%
Risin' up to the challenge of our _____ rival
76%
Went the ________, distance
71%
Went the ________, now I'm not gonna stop distance
71%
Risin' up, straight to the ___ top
50%
____ to ____, face
49%
Don't lose your grip on the ______ of the past dreams
45%
Hangin' tough, stayin' ______ hungry
42%
Out in the ____ heat
39%
Had the ____, guts
35%
For the kill with the _____ to survive skill
28%
No matching quizzes found
Score Distribution
Percent of People with Each Score
Percentile by Number Answered
Your Score History
You have not taken this quiz